00739nam a2200229 a 4500001001300000003000900013005001700022008004100039020002300080082001800103100002600121245008100147260004000228300000900268500003500277650002000312700002600332902000800358942000700366952011900373999001700492nice12345678IN_TiNIC20260116014122.0111215s2011 newa grp 000 0 eng  a9788125042716c44500a330.0954bBAL aBalakrishnan, Pulapre aEconomic Reforms & Growth in Indiab Essays from Economic & Political Weekly aNew Delhi bOrient Blackswan c2011 a454p aincludes index and biblioraphy aEconomics-India1 aBalakrishnan, Pulapre bSRS cBK 001040708StackRoom-aHMIbHMId2011-12-15g445.00l0o330.0954 BALp023758r2011-12-15v445.00w2011-12-15yBK c13955d13955